000 00510nam a2200181Ia 4500
008 240925s9999 xx 000 0 und d
020 _a8522975929
082 _a030 BRI
100 _aEncyclopedia , Britinica
245 0 _aBritannica Book of the Year 2000 events of 1999
250 _aNA
260 _aChicago:
_bEncyclopadia Britanic
_c,1998.
300 _aviii,501p.
_bNA
_fOriginal
500 _aIncludes Bibliography
600 _aHumanities & Natural Science
650 _aEncyclopedia
942 _cBK
999 _c6963
_d6963